Early Islamic Mysticism (Record no. 347617)

000 -LEADER
fixed length control field 00371 a2200157 4500
020 ## - INTERNATIONAL STANDARD BOOK NUMBER
International Standard Book Number 9695190758
082 ## - DEWEY DECIMAL CLASSIFICATION NUMBER
Classification number 297.4
090 ## - LOCALLY ASSIGNED LC-TYPE CALL NUMBER (OCLC); LOCAL CALL NUMBER (RLIN)
-- 5198
-- 5198
100 ## - MAIN ENTRY--PERSONAL NAME
Personal name Sells,Michael A.
245 ## - TITLE STATEMENT
Title Early Islamic Mysticism
Statement of responsibility, etc. Michael A.Sells
250 ## - EDITION STATEMENT
Edition statement 1st
260 ## - PUBLICATION, DISTRIBUTION, ETC.
Place of publication, distribution, etc. Lahore
Name of publisher, distributor, etc. Suhail Academy
Date of publication, distribution, etc. 2004
300 ## - PHYSICAL DESCRIPTION
Extent 398p
500 ## - GENERAL NOTE
General note Hard cover
942 ## - ADDED ENTRY ELEMENTS (KOHA)
Institution code [OBSOLETE] NBS
Koha item type Book
Call number prefix 297.4 SEL
Holdings
Withdrawn status Lost status Damaged status Not for loan Permanent Location Current Location Shelving location Date acquired Total Checkouts Total Renewals Full call number Barcode Date last seen Date last checked out Price effective from Koha item type Source of classification or shelving scheme Copy number
        Central Library (CL) Central Library (CL) First Floor - Islam 08/28/2013 1 1 297.4 SEL NBSD-1306 08/31/2022 09/11/2021 08/28/2013 Book    
        Central Library (CL) Central Library (CL) First Floor - Islam 03/27/2019     297.4 SEL CL2653 08/15/2021   03/27/2019 Book   1
© 2023 Central Library, National University of Sciences and Technology. All Rights Reserved.